000 00865nam a2200229 a 4500
001 000044802
003 OSt
005 20201028134553.0
008 150112s2014 dr a 000 0 spa d
020 _a9789945475555
040 _aDO-SdBNP
_bspa
_cBNPHU
082 _axxxxxx
_2C581
245 0 0 _aCiudades del Cibao :
_bprocesos de urbanización y movimientos sociales /
_cVictoria María Sueiro Rodríguez [et. al...] ; coordinador Juan Ricardo Hernández Polanco.
260 _aSanto Domingo :
_bIPGH,
_c2014.
300 _a282 p. :
_bil. ;
_c23 cm.
500 _aIncluye referencias bibliográficas y notas al pie de las páginas
590 _aInventariado, 2020 / DG
700 1 _aHernández Polanco, Juan Ricardo,
_ecoord.
_944155
710 1 _aInstituto Panamericano de Geografía e Historia
_942637
910 _aInventariado, 2020 / DG
942 _2ddc
_cLBS1
999 _c44291
_d44291